• 首页
  • 本馆介绍
  • 公告通知
  • 最新文献
  • 馆藏检索
  • 电子资源
  • 读者导购
  • 参考咨询
  • 我的图书馆
  • 登录
  • 详细信息显示
  • 放入我的书架
  • 预约/预借图书
  • 作者相关作品
  • 分类相关作品
  • 丛书相关作品
  • 出版社相关作品

书目信息

  • 表格格式
  • 工作单格式
  • 卡片格式
题名:
卓越的董事会
    
 
作者: 怀特 著 ;艾琰 , 刘稷 译
分册:  
出版信息: 北京   电子工业出版社  2017
页数: 19,287页
开本: 24cm
丛书名:
单 册:
中图分类: F271.5
科图分类:
主题词: 董事会--研究
电子资源:
ISBN: 978-7-121-31496-4
000 01149nam0 2200265 450
001 012001001648
005 20140921103355.0
010    @a978-7-121-31496-4@b精装@dCNY68.00
100    @a20171116d2017 em y0chiy0110 ea
101 1  @achi@ceng
102    @aCN@b110000
105    @ay z 000yy
106    @ar
200 1  @a卓越的董事会@9zhuo yue de dong shi hui@e一位资深董事的坦诚洞见和务实建议@dBoards that Excel@ecandid insights and practical advice for directors@f(美)乔瑟夫·怀特(B. Joseph White)著@g艾琰,刘稷译@zeng
210    @a北京@c电子工业出版社@d2017
215    @a19,287页@d24cm
330    @a本书收录了作者与很多享有盛名的董事会成员进行的深入并且坦诚的交流,作为教授,作者有着丰硕的学术成果、教学经验以及行政管理经验;作为高管,作者在上市公司、家族企业、非营利性组织都担任过独立董事,实践经验颇丰。
510 1  @aBoards that Excel@ecandid insights and practical advice for directors@zeng
606 0  @a董事会@x研究
690    @aF271.5@v5
701  0 @c(美)@a怀特@9huai te@c(Joseph White B.)@4著
702  0 @a艾琰@9ai yan@4译
702  0 @a刘稷@9liu ji@4译
801  0 @aCN@b上海新华@c20180901
905    @b1156775-9@dF271.5@e1550@f5
    
    卓越的董事会:一位资深董事的坦诚洞见和务实建议=Boards that Excel:candid insights and practical advice for directors/(美)乔瑟夫·怀特(B. Joseph White)著/艾琰,刘稷译.-北京:电子工业出版社,2017
    19,287页;24cm
    
    
    ISBN 978-7-121-31496-4(精装):CNY68.00
    本书收录了作者与很多享有盛名的董事会成员进行的深入并且坦诚的交流,作为教授,作者有着丰硕的学术成果、教学经验以及行政管理经验;作为高管,作者在上市公司、家族企业、非营利性组织都担任过独立董事,实践经验颇丰。
●
相关链接 在E读中查询图书 在五车中查询图书 在当当中查询图书 在豆瓣中查询图书


正题名:卓越的董事会     索取号:F271.5/1550         预约/预借

序号 登录号 条形码 馆藏地/架位号 状态 备注
1 1156775   211567758   第一样本阅览室/ [索取号:F271.5/1550] 在馆    
2 1156776   211567767   第一借阅区/ [索取号:F271.5/1550] 在馆    
3 1156777   211567776   第一借阅区/ [索取号:F271.5/1550] 在馆    
4 1156778   211567785   密集书库-海洋学院/ [索取号:F271.5/1550] 在馆    
5 1156779   211567794   第一借阅区/ [索取号:F271.5/1550] 在馆    
唐山师范学院图书馆 欢迎您!
大连网信软件有限公司© 版权所有